000 00991cam a22002772 4500
001 0000003301
005 20151217151922.0
008 070503s xx 000 0 eng d
020 _a0333771281 (pbk) :
_cKES 3,500
040 _aKABU
_cKABU
050 0 _aHT321
_b.B353 2000
100 1 _aBalchin, Paul N.
_@0000160414
245 1 0 _aUrban economics :
_ba global perspective /
_cPaul N. Balchin, David Isaac, Jean Chen.
260 _aHoundmills, Basingstoke, Hampshire :
_aNew York :
_bPalgrave,
_c2000.
300 _axx, 539 p. :
_bill., maps ;
_c24 cm.
504 _aIncludes bibliographical references and index.
650 0 _aUrban economics.
_@0000153092
650 0 _aCity planning.
_@0000047171
650 0 _aGlobalization.
_@0000150264
700 1 _aIsaac, David.
_@0000151148
700 1 _aChen, Jean Jinghan.
_@0000160415
908 _a070503
950 _@1
999 _c6343
_d6343